| 000 | 00422 a2200109 4500 | ||
|---|---|---|---|
| 001 | ART_42182 | ||
| 005 | 20260410161806.0 | ||
| 008 | 260409a | ||
| 245 | 1 | 0 | _aAlgunas reflexiones sobre la llamada "nueva pesificación" de los contratos en Argentina |
| 100 | 1 | _aMozzi, Germán D. | |
| 773 | 0 |
_tDoctrina Societaria y Concursal _gProyecto de reforma de los Códigos Civil y Comercial (sep. 2012) _wREV4298 |
|
| 999 |
_c21026 _d21026 |
||